000 00295nam a22001337a 4500
008 181106b xxu||||| |||| 00| 0 eng d
020 _a9780871013040
041 _aeng
080 _a710
100 _a45
101 _aEDU
245 _aRepacaging Welfare State
_cPronab.CH
942 _2udc
_cBK
999 _c51930
_d51930